Subsidence (Record no. 121271)
[ view plain ]
| 000 -LEADER | |
|---|---|
| fixed length control field | 01003nam a22002417a 4500 |
| 001 - CONTROL NUMBER | |
| control field | 121271 |
| 008 - FIXED-LENGTH DATA ELEMENTS--GENERAL INFORMATION | |
| fixed length control field | 161222s2022 xxk|||||o|||| 00| 0 eng d |
| 041 ## - LANGUAGE CODE | |
| Language code of text/sound track or separate title | eng |
| 110 ## - MAIN ENTRY--CORPORATE NAME | |
| Corporate author | Royal Institution of Chartered Surveyors |
| 245 ## - TITLE STATEMENT | |
| Title | Subsidence |
| Subtitle | A clear impartial guide |
| Medium | [Electronic resource] |
| 260 ## - PUBLICATION INFORMATION | |
| Place of publication | London, |
| Publisher | Royal Institution of Chartered Surveyors, |
| Date | 18 November 2022 |
| 300 ## - PHYSICAL DESCRIPTION | |
| Physical description | 12p. |
| 490 ## - SERIES TITLE | |
| Series statement | RICS Consumer guide |
| 500 ## - GENERAL NOTE | |
| General note | Replaces the 2013 edition catalogue reference 115263 |
| 520 ## - ABSTRACT | |
| Abstract | A consumer guide on Subsidence in a home, how to tell if your house is subsiding, causes and how it can be fixed and how an RICS member can help. |
| 650 ## - KEYWORDS | |
| Keywords | Subsidence |
| 650 ## - KEYWORDS | |
| Keywords | Building Surveying |
| 651 ## - SUBJECT ADDED ENTRY--GEOGRAPHIC NAME | |
| Geographic name | United Kingdom |
| 690 ## - BROAD SUBJECT | |
| 9 (RLIN) | 6225 |
| Broad subject | Building surveying |
| 710 ## - ADDED CORPORATE NAME | |
| Added corporate author | Royal Institution of Chartered Surveyors |
| 856 ## - ONLINE RESOURCE | |
| Uniform Resource Identifier | <a href="https://www.ricsfirms.com/media/1196/rics-consumer-guide-subsidence.pdf">https://www.ricsfirms.com/media/1196/rics-consumer-guide-subsidence.pdf</a> |
| Public note | Available on rics.org/consumerguides |
| 942 ## - ADDED ENTRY ELEMENTS (KOHA) | |
| Suppress in OPAC | Do not suppress in OPAC |
| Lost status | Damaged status | Not for loan | Home library | Current library | Shelving location | Date acquired | Total Checkouts | Date last seen | Price effective from | Koha item type |
|---|---|---|---|---|---|---|---|---|---|---|
| Virtual | Virtual | Online | 16/12/2022 | 16/12/2022 | 16/12/2022 | Online material |